| 000 | 01282nam2a2200265 4500 | ||
|---|---|---|---|
| 001 | RU\NLR\bibl\1093946 | ||
| 005 | 20250615053226.0 | ||
| 010 |
_a978-5-85859-337-9 _bкн. 3 _9550 |
||
| 021 |
_aRU _b2007-28920 _91538 |
||
| 035 | _a(NLR Aleph) 001081070 | ||
| 090 |
_a1058863 _c1058863 |
||
| 100 | _a20070601d2007 |||y0rusy50 ca | ||
| 101 | 0 | _arus | |
| 102 | _aRU | ||
| 105 | _aa ||||||||| | ||
| 200 | 1 |
_aВоспитательное пространство _f[д.п.н., проф. В.В. Князева, к.п.н., доц. Н.В. Алехина, к.х.н., доц. Н.Н. Залесова и др. _gнауч. ред. В.В. Князева] |
|
| 210 |
_d2007 _aБ. м. |
||
| 215 |
_a299 с. _cил. |
||
| 320 | _aБиблиогр.: с. 288-299 (134 назв.) | ||
| 461 | 0 |
_1001RU\NLR\bibl\811665 _12001#$aЧеловек культуры$vКн. 3 _91179517 _cОренбург _d2004 _f[доктора пед. наук, профессора В.В. Князева, Л.Б. Соколова, к.п.н., доц. Н.В. Алехина и др.] _nИзд-во ОГПУ _oколлективная монография _tЧеловек культуры _vКн. 3 |
|
| 801 | 0 |
_aRU _bNLR _c20070601 _gRCR |
|
| 801 | 1 |
_aRU _bNLR _c20070601 |
|
| 942 | _cBOOK | ||
| 980 | _aNB | ||